PVT and phase behaviour of petroleum reservoir fluids / (Record no. 5761)
[ view plain ]
| 000 -LEADER | |
|---|---|
| fixed length control field | 00877nam a22002655a 4500 |
| 005 - DATE AND TIME OF LATEST TRANSACTION | |
| control field | 20150818150834.0 |
| 008 - FIXED-LENGTH DATA ELEMENTS--GENERAL INFORMATION | |
| fixed length control field | 090105r20081998-uka|||fr|||| 00| 0 eng d |
| 010 ## - LIBRARY OF CONGRESS CONTROL NUMBER | |
| LC control number | 98018286 |
| 020 ## - INTERNATIONAL STANDARD BOOK NUMBER | |
| International Standard Book Number | 9780444821966 |
| 040 ## - CATALOGING SOURCE | |
| Original cataloging agency | EG-ScBUE |
| Language of cataloging | eng |
| Transcribing agency | EG-ScBUE |
| 082 04 - DEWEY DECIMAL CLASSIFICATION NUMBER | |
| Classification number | 622.3382 |
| Item number | DAN |
| Edition number | 22 |
| 100 1# - MAIN ENTRY--PERSONAL NAME | |
| Personal name | Danesh, Ali. |
| 9 (RLIN) | 9284 |
| 245 10 - TITLE STATEMENT | |
| Title | PVT and phase behaviour of petroleum reservoir fluids / |
| Statement of responsibility, etc | Ali Danesh. |
| 260 ## - PUBLICATION, DISTRIBUTION, ETC. (IMPRINT) | |
| Place of publication, distribution, etc | Oxford : |
| Name of publisher, distributor, etc | Elsevier, |
| Date of publication, distribution, etc | 2008. |
| 300 ## - PHYSICAL DESCRIPTION | |
| Extent | xi, 388 p. : |
| Other physical details | ill. ; |
| Dimensions | 25 cm. |
| 490 ## - Series Statement | |
| Series statement | Developments in petroleum science ; |
| Volume/sequential designation | 47 |
| 500 ## - GENERAL NOTE | |
| General note | Index : p. 385-388. |
| 504 ## - BIBLIOGRAPHY, ETC. NOTE | |
| Bibliography, etc | Includes bibliographical references. |
| 590 ## - LOCAL NOTE (RLIN) | |
| Local note | yassmeen ashraf |
| 650 #0 - SUBJECT ADDED ENTRY--TOPICAL TERM | |
| Topical term or geographic name as entry element | Oil reservoir engineering. |
| 9 (RLIN) | 9285 |
| Source of heading or term | BUEsh |
| 650 #0 - SUBJECT ADDED ENTRY--TOPICAL TERM | |
| Topical term or geographic name as entry element | Phase rule and equilibrium. |
| 9 (RLIN) | 9286 |
| Source of heading or term | BUEsh |
| 651 ## - SUBJECT ADDED ENTRY--GEOGRAPHIC NAME | |
| Source of heading or term | BUEsh |
| 653 ## - INDEX TERM--UNCONTROLLED | |
| Resource For college | Engineering, Petroleum |
| Arrived date list | August2015 |
| 942 ## - ADDED ENTRY ELEMENTS (KOHA) | |
| Item type | Book - Borrowing |
| Call number prefix | 622.3382 DAN |
| Source of classification or shelving scheme | Dewey Decimal Classification |
| Withdrawn status | Item status | Source of classification or shelving scheme | Damaged status | Not for loan | Home library | Current library | Shelving location | Date acquired | Source of acquisition | Total Checkouts | Total Renewals | Full call number | Barcode | Checked out | Date last seen | Date last borrowed | Koha item type | Vendor |
|---|---|---|---|---|---|---|---|---|---|---|---|---|---|---|---|---|---|---|
| Dewey Decimal Classification | Central Library | Central Library | First floor | 05/11/2007 | Purchase | 5 | 1 | 622.3382 DAN | 000007499 | 05/10/2014 | 03/09/2014 | 03/09/2014 | Book - Borrowing | |||||
| Dewey Decimal Classification | Central Library | Central Library | First floor | 10/11/2009 | 1 | 622.3382 DAN | 000018981 | 15/07/2025 | 24/10/2013 | NB - Book (Non borrowing) | Baccah | |||||||
| Dewey Decimal Classification | Central Library | Central Library | First floor | 10/11/2009 | 6 | 30 | 622.3382 DAN | 000019029 | 15/07/2025 | 25/09/2019 | Book - Borrowing | Baccah |